000 00332nam a2200133Ia 4500
008 240624s9999 xx 000 0 und d
041 _aeng
082 _a519.5 LIN
100 _aLINDSTROM ERIK
245 _aSTATISTICS FOR FINANCE
260 _c2015
_aLondon
_bCRC Press
300 _axvii, : 365 : p. : cm. ; 23
365 _cGBP
_b30
999 _c27488
_d27488